000 00337nam a22001337a 4500
008 250422b |||||||| |||| 00| 0 eng d
020 _a901241350
050 _aJQ 3099
_b.U86
100 _aUsman Yusufu Bala
245 _aFor the Librerations of Nigeria
260 _aEngland
_bNew Beacon Books LTD
_c1979
300 _a292p.
942 _cBK
999 _c3070
_d3070